00335nam a2200121Ia 4500008004100000100003300041245005700074260003700131300000900168650001400177942000700191999001500198190216s9999||||xx |||||||||||||| ||und|| aKuriakos J C & Rajaram L 0aPhysical Chemistry Of Inorganic Qualitative Analysis bTata Mcgrawhill Publishersc1972 a259p aChemistry cBK c2036d2036